000 00355nam a2200121Ia 4500
008 151001s9999||||xx |||||||||||||| ||und||
100 _aललिता बापट
245 _aशलाका
250 _a1
260 _bबांदोडकर पब्लिशिंग कंपनी मुंबई
300 _a189
365 _b18
999 _c970758
_d970755